000
00361nam a2200133 a 4500
005
20140414131857.0
008
100826s19uu xx 00 eng d
050
_a
FIL
_b
G81 2006
100
_a
Ibardolaza, Honoel
245
_a
The greediest of Rajahs and the whitest of clouds.
260
_a
Philippines :
_b
Adarna,
_c
2006.
999
_c
110509
_d
110509